000 00756nam a2200241Ia 4500
003 OSt
005 20220927105040.0
006 a|||||r|||| 00| 0
007 ta
008 220926b |||||||| |||| 00| 0 eng d
024 _a186505
037 _cReference Collections
040 _aRTL
_cRTL
_beng
041 _2eng
_aeng
082 _a"X65.1.N76<N71r, L6"
110 _aINTERNATIONAL CENTRE FOR SETTLEMENT OF INVESTMENT DISPUTES
_9369901
245 0 _a"Annual report,1971-76."
260 _aWashngton
_bICSID
_c1976
300 _a22p.
_ccm.
700 _aINTERNATIONAL CENTRE FOR SETTLEMENT OF INVESTMENT DISPUTES
_9369902
942 _h"X65.1.N76<N71r, L6"
_cCC
999 _c690481
_d690481